JADE - THAT'S SHOWBIZ BABY! - Statistics

General Stats
  • This quiz has been taken 62 times
    32 since last reset
  • The average score is 16 of 22
Answer Stats
2025 THAT'S SHOWBIZ BABY! % Correct
2 IT girl
100%
1 Angel Of My Dreams
95%
15 Church
90%
5 Midnight Cowboy
90%
14 Silent Disco
90%
9 Lip Service
86%
4 Plastic Box
86%
13 Before You Break My Heart
81%
6 Fantasy
81%
3 FUFN (Fuck You For Now)
81%
10 Headache
81%
12 Glitch
76%
7 Unconditional
76%
20 Frozen
67%
11 Natural At Disaster
67%
8 Self Saboteur
67%
22 Tar
67%
17 Dreamcheater
52%
16 This Is What We Dance For
48%
18 Best You Could
43%
19 Use Me
43%
21 If My Heart Was A House
38%
No matching quizzes found
Score Distribution
Percent of People with Each Score
Percentile by Number Answered
Your Score History
You have not taken this quiz since the last reset